| 000 | 00808nam a2200313 a 4500 | ||
|---|---|---|---|
| 003 | AR-BaBNM | ||
| 005 | 20251128210746.0 | ||
| 008 | 082120s2002 ||||||||||||||000 | spa|| | ||
| 040 | _cAR-BaBNM | ||
| 100 | 1 | _aAmuchástegui Alvarez, Domingo | |
| 245 | 0 | 0 |
_aHistoria contemporánea de Asia y Africa _n2 |
| 260 |
_aLa Habana _bPueblo y Educación _c1985 |
||
| 300 |
_a419 p. _bmapas |
||
| 500 | _aContiene referencias bibliográficas | ||
| 650 | 4 | _aECONOMIA | |
| 650 | 4 | _aSOCIEDAD | |
| 650 | 4 | _aGUERRA | |
| 650 | 4 | _aHISTORIA ASIATICA | |
| 650 | 4 | _aCOLONIALISMO | |
| 650 | 4 | _aSEGUNDA GUERRA MUNDIAL | |
| 650 | 4 | _aCOMUNISMO | |
| 650 | 4 | _aSOCIALISMO | |
| 650 | 4 | _aDOCTRINAS POLITICAS | |
| 651 | 4 | _aJapón | |
| 651 | 4 | _aChina | |
| 651 | 4 | _aMedio Oriente | |
| 942 | _cBK | ||
| 998 | _cMariana | ||
| 999 |
_c16775 _d16775 |
||